000 00800nmc a2200313 a 4500
003 AR-BaBNM
005 20251128210828.0
008 031020s1999 ||||||||||||||000 | spa||
020 _a987-9065-73-5
040 _cAR-BaBNM
100 1 _aRoca, Agustina
245 1 0 _aRimbaud para principiantes
260 _aBuenos Aires
_bErrepar
_c1999
300 0 _a192 p.
_bil.
490 0 _aPara principiantes
_vv. 54
600 1 4 _aRimbaud, Jean Arthur
650 4 _aLITERATURA FRANCESA
650 4 _aESCRITORES
650 4 _aBIOGRAFIAS
650 4 _aDIVULGACION
650 4 _aPOESIA
650 4 _aSIGLO DIECINUEVE
653 0 _aHISTORIETAS
655 _aBIOGRAFIAS
700 1 _aSantoro, Daniel
_eilustrador
800 1 _aKreimer, Juan Carlos
_edirector
942 _cBK
998 _cMARTIN
999 _c17098
_d17098